[Event "Penang op-B 15th"]
[Site "Penang"]
[Date "2023.12.21"]
[Round "7"]
[White "Bahari, Adam Iskandar"]
[Black "Gan, Yeun Bin"]
[Result "0-1"]
[WhiteElo "1343"]
[BlackElo "1332"]
[PlyCount "72"]
[EventDate "2023.12.18"]
[EventType "swiss"]
[EventRounds "9"]
[EventCountry "MAS"]
[SourceTitle "EXT 2025"]
[Source "ChessBase"]
[SourceDate "2024.10.14"]
[SourceVersion "1"]
[SourceVersionDate "2024.10.14"]
[SourceQuality "1"]

1. e4 c5 2. d4 cxd4 3. c3 dxc3 4. Nxc3 d6 5. Bc4 Nc6 6. Nf3 e6 7. 0-0 Be7 8. Qe2 Bd7 9. Rd1 a6 10. Bf4 e5 11. Be3 Nf6 12. a4 Rc8 13. h3 0-0 14. g4 h6 15. g5 hxg5 16. Nxg5 Qa5 17. Nd5 Nxd5 18. Rxd5 Qb4 19. b3 Bxg5 20. Bxg5 Nd4 21. Qd3 Be6 22. Qg3 Bxd5 23. Bf6 g6 24. Qe3 Kh7 25. exd5 Nf5 26. Qe2 Qc3 27. Rd1 Nd4 28. Qg4 Qf3 29. Qh4+ Qh5 30. Qxh5+ gxh5 31. Bd3+ Kh6 32. Be7 Rg8+ 33. Kh1 Rc5 34. Be4 Rc3 35. Rd3 Rxd3 36. Bxd3 Nf3 0-1

[Event "Penang op-B 15th"]
[Site "Penang"]
[Date "2023.12.20"]
[Round "5"]
[White "Bahari, Adam Iskandar"]
[Black "Derrickco"]
[Result "1-0"]
[WhiteElo "1343"]
[BlackElo "1662"]
[PlyCount "85"]
[EventDate "2023.12.18"]
[EventType "swiss"]
[EventRounds "9"]
[EventCountry "MAS"]
[SourceTitle "EXT 2025"]
[Source "ChessBase"]
[SourceDate "2024.10.14"]
[SourceVersion "1"]
[SourceVersionDate "2024.10.14"]
[SourceQuality "1"]

1. e4 c5 2. d4 cxd4 3. c3 dxc3 4. Nxc3 Nc6 5. Bc4 e6 6. Nf3 a6 7. 0-0 Nge7 8. Bg5 b5 9. Bb3 f6 10. Be3 Ng6 11. Nd4 Nxd4 12. Qxd4 Bb7 13. f4 Rc8 14. Qd3 Bb4 15. Rad1 Bxc3 16. bxc3 Qe7 17. g3 Rc7 18. h4 h5 19. Bb6 Rc6 20. Ba5 Nf8 21. Bb4 Qd8 22. f5 Qc7 23. Bd6 Qb6+ 24. Kh2 Bc8 25. e5 Kf7 26. Qf3 Rh6 27. Rd4 Nh7 28. Rf4 Rxd6 29. exd6 Qxd6 30. Rd4 Qc7 31. Rfd1 Nf8 32. Rd6 Ke7 33. fxe6 dxe6 34. Rc6 Qb7 35. Rdd6 f5 36. Qf4 Bd7 37. Rb6 Qc8 38. Qe5 Rf6 39. Rxa6 Ng6 40. Qd4 f4 41. Rxd7+ Qxd7 42. Ra7 fxg3+ 43. Kxg3 1-0